=LDR 00000nam 2200000 4500 =001 INLIS000000000005108 =005 20251008105914 =035 ##$$a 0010-1025000163 =007 ta =008 251008###########################0#ind## =082 ##$$a 363.960 =084 ##$$a 363.960 YUS d =100 #$$a Yustina Rostiawat =245 1#$$a Demi masa depan yang menjanjikan ASPEK KESATARAAN GENDER DALAM GERAKAN KB NASIONAL /$c BADAN KOORDINASI KELUARGA BERENCANA NASIONAL =260 ##$$a Jakarta :$b BADAN KOORDINASI KELUARGA BERENCANA NASIONAL,$c 2000 =300 ##$$a 10 hal : $b ilus ; $c 21 =650 #4$$a Keluarga Berencana =856 ##$$a Perpustakaan Kemendukbangga